[Event "23rd Hoogeveen Open 2019"]
[Site "Hoogeveen"]
[Date "2019.10.23"]
[Round "6.7"]
[White "Kaasen, Tor Fredrik"]
[Black "Okkes, Menno"]
[Result "0-1"]
[WhiteElo "2415"]
[BlackElo "2326"]
[Annotator "ChessBase"]
[PlyCount "62"]
[EventDate "2019.10.19"]
[EventType "swiss"]
[EventCountry "NED"]
[SourceTitle "playchess.com"]
[Source "ChessBase"]
[SourceQuality "1"]
[TimeControl "40/5400+30:1800+30"]

1. e4 {[%emt 0:00:00]} c5 {[%emt 0:00:00]} 2. Nf3 {[%emt 0:00:29]} d6 {[%emt 0:00:00]} 3. d4 {[%emt 0:00:39]} cxd4 {[%emt 0:00:00]} 4. Nxd4 {[%emt 0:00:08]} Nf6 {[%emt 0:00:00]} 5. Nc3 {[%emt 0:00:09]} a6 {[%emt 0:00:00]} 6. Bd3 {[%emt 0:00:21]} e6 {[%emt 0:03:26]} 7. f4 {[%emt 0:01:20]} Qc7 {[%emt 0:00:15]} 8. Qe2 {[%emt 0:04:52]} Nbd7 {[%emt 0:00:50]} 9. g4 {[%emt 0:03:13]} Nc5 {[%emt 0:04:10]} 10. Bd2 {[%emt 0:07:47]} b5 {[%emt 0:06:31]} 11. g5 {[%emt 0:06:47]} Nfd7 {[%emt 0:00:07]} 12. Nd5 {[%emt 0:03:41]} exd5 {[%emt 0:02:55]} 13. exd5+ {[%emt 0:01:46]} Be7 {[%emt 0:10:22]} 14. Nc6 {[%emt 0:04:32]} Nb8 {[%emt 0:06:08]} 15. Ba5 {[%emt 0:02:22]} Nxd3+ {[%emt 0:01:09]} 16. cxd3 {[%emt 0:02:52]} Qd7 {[%emt 0:01:01]} 17. Kd2 {[%emt 0:16:56]} Nxc6 {[%emt 0:01:14]} 18. dxc6 {[%emt 0:00:15]} Qg4 {[%emt 0:23:03]} 19. Qf2 {[%emt 0:04:08]} O-O {[%emt 0:03:10]} 20. Bc3 {[%emt 0:03:48]} Re8 {[%emt 0:01:08]} 21. h4 {[%emt 0:02:12]} Qf5 {[%emt 0:07:42]} 22. Rag1 {[%emt 0:01:23]} Qd5 {[%emt 0:01:24]} 23. h5 {[%emt 0:09:54]} Bf5 {[%emt 0:02:20]} 24. Bd4 {[%emt 0:00:24]} Rac8 {[%emt 0:01:59]} 25. h6 {[%emt 0:03:02]} Bf8 {[%emt 0:01:40]} 26. Rc1 {[%emt 0:01:01]} Rxc6 {[%emt 0:01:15]} 27. Rxc6 {[%emt 0:04:11]} Qxc6 {[%emt 0:00:06]} 28. Rg1 {[%emt 0:00:40]} Rc8 {[%emt 0:02:47]} 29. Ke3 {[%emt 0:00:15]} Qc2 {[%emt 0:02:21]} 30. Qxc2 {[%emt 0:01:08]} Rxc2 {[%emt 0:00:04]} 31. Kf3 {[%emt 0:01:06]} Rd2 {[%emt 0:01:00]} 0-1

[Event "23rd Hoogeveen Open 2019"]
[Site "Hoogeveen"]
[Date "2019.10.23"]
[Round "6.8"]
[White "Moksh Amit Doshi"]
[Black "Morozov, Nichita"]
[Result "1-0"]
[WhiteElo "2328"]
[BlackElo "2394"]
[Annotator "ChessBase"]
[PlyCount "87"]
[EventDate "2019.10.19"]
[EventType "swiss"]
[EventCountry "NED"]
[SourceTitle "playchess.com"]
[Source "ChessBase"]
[SourceQuality "1"]
[TimeControl "40/5400+30:1800+30"]

1. d4 {[%emt 0:00:00]} Nf6 {[%emt 0:02:30]} 2. c4 {[%emt 0:00:08]} e6 {[%emt 0:00:05]} 3. Nc3 {[%emt 0:00:34]} Bb4 {[%emt 0:00:59]} 4. f3 {[%emt 0:00:07]} d5 {[%emt 0:04:07]} 5. a3 {[%emt 0:00:08]} Be7 {[%emt 0:04:08]} 6. e4 {[%emt 0:00:10]} dxe4 {[%emt 0:03:11]} 7. fxe4 {[%emt 0:00:12]} e5 {[%emt 0:00:11]} 8. d5 {[%emt 0:00:07]} Bg4 {[%emt 0:03:34]} 9. Be2 {[%emt 0:05:38]} h5 {[%emt 0:02:32]} 10. Nf3 {[%emt 0:04:20]} Nbd7 {[%emt 0:07:44]} 11. Qc2 {[%emt 0:04:29]} h4 {[%emt 0:03:23]} 12. Be3 {[%emt 0:01:55]} Nh5 {[%emt 0:02:15]} 13. O-O-O {[%emt 0:03:14]} Bxf3 {[%emt 0:00:04]} 14. Bxf3 {[%emt 0:00:58]} Bg5 {[%emt 0:00:06]} 15. Bxg5 {[%emt 0:01:34]} Qxg5+ {[%emt 0:00:05]} 16. Kb1 {[%emt 0:00:08]} O-O {[%emt 0:04:20]} 17. Bxh5 {[%emt 0:07:55]} Qxh5 {[%emt 0:00:04]} 18. Rhf1 {[%emt 0:01:46]} a6 {[%emt 0:03:48]} 19. Rf5 {[%emt 0:02:52]} Qh6 {[%emt 0:01:22]} 20. Qe2 {[%emt 0:04:30]} g6 {[%emt 0:03:50]} 21. Qg4 {[%emt 0:01:21]} b5 {[%emt 0:03:28]} 22. Rf3 {[%emt 0:08:37]} Nb6 {[%emt 0:01:21]} 23. cxb5 {[%emt 0:07:19]} axb5 {[%emt 0:10:34]} 24. Rh3 {[%emt 0:02:10]} Na4 {[%emt 0:02:21]} 25. Na2 {[%emt 0:02:21]} Kg7 {[%emt 0:06:58]} 26. Qxh4 {[%emt 0:05:37]} Qxh4 {[%emt 0:00:11]} 27. Rxh4 {[%emt 0:00:05]} Rh8 {[%emt 0:00:18]} 28. Rxh8 {[%emt 0:00:06]} Rxh8 {[%emt 0:00:03]} 29. h3 {[%emt 0:01:10]} Rh4 {[%emt 0:00:55]} 30. Re1 {[%emt 0:00:00]} Rf4 {[%emt 0:01:49]} 31. Re2 {[%emt 0:00:00]} f5 {[%emt 0:04:53]} 32. exf5 {[%emt 0:00:13]} gxf5 {[%emt 0:00:59]} 33. Nb4 {[%emt 0:06:43]} Kf6 {[%emt 0:09:13]} 34. Na6 {[%emt 0:03:11]} Rc4 {[%emt 0:05:42]} 35. Rc2 {[%emt 0:01:11]} Nb6 {[%emt 0:02:57]} 36. Nxc7 {[%emt 0:01:28]} e4 {[%emt 0:00:42]} 37. b3 {[%emt 0:04:15]} Rxc2 {[%emt 0:00:04]} 38. Kxc2 {[%emt 0:00:07]} Ke5 {[%emt 0:00:41]} 39. g3 {[%emt 0:00:59]} b4 {[%emt 0:00:19]} 40. a4 {[%emt 0:06:22]} Kd6 {[%emt 0:00:05]} 41. a5 {[%emt 0:30:04]} Nd7 {[%emt 0:30:04]} 42. Nb5+ {[%emt 0:00:10]} Kxd5 {[%emt 0:00:03]} 43. a6 {[%emt 0:00:08]} Kc6 {[%emt 0:01:16]} 44. a7 {[%emt 0:01:58]} 1-0

[Event "23rd Hoogeveen Open 2019"]
[Site "Hoogeveen"]
[Date "2019.10.23"]
[Round "6.9"]
[White "Schoppen, Casper"]
[Black "Grooten, Herman"]
[Result "1-0"]
[WhiteElo "2508"]
[BlackElo "2274"]
[Annotator "TA"]
[PlyCount "65"]
[EventDate "2019.10.19"]
[EventType "swiss"]
[EventCountry "NED"]
[SourceTitle "playchess.com"]
[Source "ChessBase"]
[SourceQuality "1"]

{[%evp 13,78,10,21,8,12,13,19,6,2,0,0,0,13,0,0,0,0,0,0,0,0,-12,-13,-13,-11,-18,0,-14,-14,-34,-18,-23,-20,-14,49,-37,79,22,72,0,296,302,512,343,624,610,759,731,832,809,958,1080,1097,1085,1034,1022,1459,1345,1140,1113,1162,1057,29985,29985,29983,4910,29999]} 1. e4 e6 2. d4 d5 3. Nc3 Bb4 4. e5 c5 5. a3 Bxc3+ 6. bxc3 Qa5 7. Bd2 Qa4 8. Rb1 {Strongly threatening Bb5+. C18: French: 3 Nc3 Bb4: Main line: 7 h4 and 7 Qg4} c4 9. Ne2 Ne7 $146 ({Predecessor:} 9... Qxa3 10. g4 Nc6 11. Ng3 f6 12. f4 fxe5 13. fxe5 Nh6 14. g5 Nf5 15. Nxf5 exf5 {1-0 (54) Paravyan,D (2634)-Short,N (2646) Moscow 2018}) 10. h4 {The position is equal.} Nbc6 11. h5 h6 $1 12. Qc1 b6 13. Rh3 Bd7 14. Rf3 Rf8 15. g4 O-O-O 16. Bh3 Ng8 17. Rg3 f6 18. f4 Rf7 19. Be3 Kc7 20. Ra1 Nge7 21. Qd1 Kb7 22. Kd2 Rg8 23. Qh1 Rff8 ({Black should try} 23... Re8 $11) 24. Rag1 (24. exf6 $1 $14 Rxf6 25. g5) 24... a5 (24... Rh8 $15 {keeps the upper hand.}) 25. Rb1 (25. exf6 $1 $16 Rxf6 26. g5 hxg5 27. fxg5) 25... f5 {[#]} 26. Rbg1 ({White should play} 26. gxf5 $1 $16 Nxf5 27. Bxf5 Rxf5 28. Qg1) 26... Be8 $2 {[%mdl 8192] [#]} ({Much weaker is} 26... Qxa3 27. gxf5 Rxf5 28. Rxg7 $16) (26... fxg4 $11 {and Black has nothing to worry.} 27. Bxg4 Qxa3) 27. gxf5 $1 $18 Bxh5 $2 (27... exf5 28. Rxg7 Rxg7 29. Rxg7 Ka6) 28. Rxg7 {Black must now prevent f6.} Rxg7 $2 (28... Bxe2 29. f6 Bd3 30. cxd3 Qxa3) 29. Rxg7 exf5 30. Ng3 Bf7 31. Nxf5 Bg6 {[#]} 32. Rxg6 $1 {[%mdl 512]} Rxf5 (32... Nxg6 33. Qxd5) 33. Rf6 {Played: Rg6-g7} 1-0

[Event "23rd Hoogeveen Open 2019"]
[Site "Hoogeveen"]
[Date "2019.10.23"]
[Round "6.10"]
[White "Vrolijk, Liam"]
[Black "Hilwerda, Jonas"]
[Result "0-1"]
[WhiteElo "2478"]
[BlackElo "2229"]
[Annotator "TA"]
[PlyCount "124"]
[EventDate "2019.10.19"]
[EventType "swiss"]
[EventCountry "NED"]
[SourceTitle "playchess.com"]
[Source "ChessBase"]
[SourceQuality "1"]

{[%evp 11,124,14,47,39,42,29,33,28,37,52,83,83,103,80,77,79,83,81,79,79,93,89,138,143,154,154,154,154,154,154,154,154,154,154,154,154,154,109,154,113,103,44,116,100,102,102,108,95,131,95,95,95,97,97,239,131,250,131,163,155,161,142,148,113,155,0,126,35,127,98,175,186,188,12,26,7,45,74,111,119,186,187,157,172,327,116,88,76,82,56,56,56,56,56,56,56,56,56,56,0,0,0,8,-314,-223,-224,-211,-706,-675,-1212,-1164,-1048,-1012,-856,-834]} 1. d4 Nf6 2. c4 g6 3. Nc3 Bg7 4. e4 d6 5. h3 O-O 6. Be3 Nbd7 7. g4 {E71: King's Indian: 4 e4 d6 5 h3} e5 8. d5 Nc5 9. f3 {White is slightly better.} a5 (9... c6 10. Qd2 cxd5 11. cxd5 Bd7 12. Nge2 h5 13. Nc1 Rc8 14. Nb3 Nxb3 15. axb3 {0-1 (64) Grandelius,N (2691)-McShane,L (2688) Eskilstuna 2019}) 10. Qd2 Ne8 11. O-O-O f5 12. Nge2 $146 ({Predecessor:} 12. Bg2 b6 13. Nge2 f4 14. Bf2 a4 15. Kc2 Nf6 16. Nc1 Bd7 17. Nd3 Qc8 18. Qe1 Qa6 19. b3 axb3+ 20. axb3 Nxb3 21. Kxb3 Ba4+ 22. Nxa4 Qxa4+ 23. Kc3 Qa2 {0-1 (23) Rogala,R (2037)-Jurkiewicz,K (2142) Kowalewo Pomorskie 2010}) 12... f4 13. Bf2 b6 14. Nb5 Bd7 15. Nec3 Ra6 16. h4 h6 {[#]} 17. g5 $1 {[%mdl 512]} h5 (17... hxg5 18. Bxc5) 18. Bh3 Bxh3 19. Rxh3 Qd7 20. Rhh1 Rf7 21. Bg1 Bf8 22. Qg2 Qc8 23. Kc2 Ng7 24. Qh3 Qb7 25. Bxc5 bxc5 26. Na4 (26. Kb1 $16) 26... Re7 (26... c6 $14 27. Nbc3 Qd7) 27. Rd3 $16 {[%cal Bd1d3,Bd3b3,Bb3b5][%mdl 32]} Kf7 28. Rb3 Qa8 29. Rd1 Ke8 30. Rdd3 Rd7 31. Na3 Rd8 32. Rb5 Rc8 (32... c6 $16) 33. Kd1 (33. Rdb3 $1 $18 Ra7 34. Rb6) 33... Be7 (33... Rd8 $16) 34. Ke1 (34. Rdb3 $1 $18) 34... Bd8 35. Rdb3 {Black must now prevent Rb7.} Ra7 36. Kf2 Ke7 37. Nb1 Ke8 38. Na3 Ke7 $1 39. Nc2 (39. Kg2 $16) 39... Ke8 ({Black should play} 39... c6 $14 40. Rb6 cxd5) 40. Ne1 Ke7 (40... c6 $16 {was necessary.} 41. Rb6 Re7) 41. Nd3 $18 {aiming for Naxc5!} c6 42. dxc6 $2 ({Only move:} 42. Rb6 $1 $18) 42... Qxc6 $11 43. Naxc5 dxc5 44. Nxe5 Qc7 45. Rd3 $1 ({But not} 45. Nxg6+ Kf7 $14) 45... Qxe5 (45... Ke8 $16 {might work better.}) 46. Qxc8 $18 {[%mdl 64] Double Attack} Ne6 47. Qc6 $1 Nd4 $2 (47... a4 {keeps fighting.} 48. a3 Qc7) 48. Qxc5+ $2 (48. Qxg6 $18 {is the precise move to win.} Kf8 49. Qxh5) 48... Qxc5 $16 49. Rxc5 Bb6 50. Re5+ Ne6+ 51. Kg2 a4 52. Rb5 Bd4 53. Rb4 Bc5 54. Rb8 $1 Bd4 55. Rd2 (55. Rb5 $14) 55... Rc7 $1 $11 56. Rc2 Be3 57. b3 $2 {[%mdl 8192]} (57. c5 $11 {and White has nothing to worry.}) 57... axb3 58. axb3 {[#] Ra2 is the strong threat.} Ra7 $1 59. c5 $2 {[#]} (59. Rh8 Ra1 60. Rh7+ Ke8 61. Rh8+ Kd7 62. Rh7+ Kc6 63. Rf2 Bxf2 64. Kxf2) 59... Nd4 $1 $19 {[%cal Rd4c2] Black is clearly winning.} 60. Rb2 Ra1 61. Rb7+ Ke6 {( -> ...Rg1+)} 62. Rb6+ Ke5 {Accuracy: White = 37%, Black = 46%.} 0-1

[Event "23rd Hoogeveen Open 2019"]
[Site "Hoogeveen"]
[Date "2019.10.23"]
[Round "6.11"]
[White "Mueer, Sebastian"]
[Black "Romanishin, Oleg M"]
[Result "1/2-1/2"]
[WhiteElo "2194"]
[BlackElo "2441"]
[Annotator "TA"]
[PlyCount "47"]
[EventDate "2019.10.19"]
[EventType "swiss"]
[EventCountry "NED"]
[SourceTitle "playchess.com"]
[Source "ChessBase"]
[SourceQuality "1"]

{[%evp 10,47,15,-13,10,0,33,8,5,-27,-3,-54,1,-18,0,-30,-17,-73,-94,-85,-30,-26,-45,-70,0,0,-9,-31,0,0,-1,-9,0,0,0,0,0,0,0,0]} 1. d4 Nf6 2. Nf3 d5 3. Bf4 g6 4. e3 Bg7 5. Be2 O-O 6. Nbd2 Nbd7 {D02: 1 d4 d5 2 Nf3 sidelines, including 2...Nf6 3 g3 and 2...Nf6 3 Bf4} 7. c3 (7. h3 b6 8. O-O Bb7 9. a4 c5 10. c3 Ne4 11. a5 Nxd2 12. Qxd2 bxa5 13. Bb5 Nf6 14. Qc2 {½-½ (58) Hracek,Z (2610)-Beliavsky,A (2547) Mali Losinj 2017}) 7... a5 {[%cal Ba7a5,Ba5a4][%mdl 32]} 8. Ne5 c6 $146 ({Predecessor:} 8... Re8 9. h4 h6 10. g4 Nf8 11. g5 hxg5 12. hxg5 N6d7 13. Ndf3 Nxe5 14. Bxe5 {0-1 (36) Ahmic,N (1987)-Doder,S (2150) Mosko 2015}) 9. h4 h5 10. f3 (10. Nxd7 $11 Nxd7 11. g4) 10... c5 (10... Nxe5 $15 11. Bxe5 Re8) 11. g4 Qb6 12. Rb1 a4 (12... Nxe5 {is interesting.} 13. dxe5 Nd7 14. gxh5 Nxe5 15. hxg6 Bf5) 13. Rg1 (13. Nd3 $11) 13... cxd4 $17 14. cxd4 hxg4 (14... Nxe5 $17 15. Bxe5 hxg4 16. fxg4 Ne4 17. Nxe4 dxe4 18. Bxg7 Kxg7) 15. fxg4 $11 Nxe5 16. Bxe5 Nxg4 ({Black should play} 16... Ne4 $15 17. Nxe4 dxe4 18. Bxg7 Kxg7) 17. Bxg4 {aiming for Bxg7.} ({Don't blunder} 17. Bxg7 $2 Nxe3 18. Nc4 dxc4 $19) 17... Bxe5 18. Bxc8 Raxc8 19. dxe5 {Threatens to win with Rg3.The position is equal.} Qxe3+ {[%mdl 64] [#] Double Attack} 20. Kf1 Qh3+ 21. Rg2 Qh1+ 22. Rg1 Qh3+ 23. Rg2 Qh1+ 24. Rg1 {Accuracy: White = 23%, Black = 26%.} 1/2-1/2

[Event "23rd Hoogeveen Open 2019"]
[Site "Hoogeveen"]
[Date "2019.10.23"]
[Round "6.12"]
[White "Harutjunyan, Gevorg"]
[Black "Giacomini, Hector"]
[Result "1-0"]
[WhiteElo "2428"]
[BlackElo "2145"]
[Annotator "TA"]
[PlyCount "120"]
[EventDate "2019.10.19"]
[EventType "swiss"]
[EventCountry "NED"]
[SourceTitle "playchess.com"]
[Source "ChessBase"]
[SourceQuality "1"]

{[%evp 9,120,9,30,49,26,35,44,41,38,43,43,-22,-10,-41,-22,-20,-29,-54,-70,-64,-58,-51,-52,-77,-29,-25,-25,-9,-14,-62,-62,-79,-58,-48,-55,-62,-50,-59,-31,-14,0,7,81,0,0,0,0,0,0,0,0,-6,0,-73,-43,-25,-17,-57,-44,-47,0,0,24,0,0,0,7,0,23,6,7,19,19,22,63,50,68,34,25,0,0,0,49,0,92,63,65,0,0,0,0,0,0,0,237,192,212,227,479,473,521,506,730,663,756,748,2106,2135,2347,2277,2164,1660,1444]} 1. e4 c6 2. d4 d5 3. e5 c5 4. dxc5 e6 5. Bd3 Bxc5 6. Qg4 {B12: Caro-Kann: Advance Variation} Ne7 7. b4 h5 8. Qf4 $1 {White is slightly better.} Bb6 9. Nf3 Nbc6 {[%cal Bb8c6,Bc6b4,Bb4d3][%mdl 32] Threatening ...Nxb4!} 10. b5 $146 {[#]} (10. O-O $14) ({Predecessor:} 10. Nbd2 a5 11. b5 Nb4 12. Ba3 Nxd3+ 13. cxd3 {1-0 (25) Dominguez Perez,L (2760)-Nepomniachtchi,I (2775) Dortmund 2019}) 10... Nb4 $1 $11 {[%mdl 512]} 11. O-O (11. Qxb4 Ba5) 11... Nxd3 12. cxd3 Bd7 13. Na3 Rc8 14. Bd2 Ng6 $36 {[%mdl 2048] Black has the initiative.} 15. Qb4 Bc5 16. Qb2 O-O 17. Nc2 Qb6 18. a4 a6 19. Be3 axb5 20. a5 Qd8 21. Bxc5 Rxc5 22. Nb4 Nh4 {Hoping for ...Nxf3+.} 23. Nd4 Qg5 {[%csl Gh4][%cal Rg5g2]} 24. f4 Qg4 25. Qf2 g5 {[#]} (25... Ng6 $1 $11) 26. fxg5 ({Better is} 26. f5 $1 $16 {[%cal Rf5e6][%mdl 512] Threatens to win with fxe6.} Rfc8 (26... exf5 27. Nb3) 27. fxe6 Bxe6 28. g3) 26... Qxg5 27. Rae1 Rcc8 $1 28. Re3 {aiming for Rg3.} Ng6 29. Qe1 h4 30. Nf3 Qh6 31. d4 (31. h3 $11 {keeps the balance.}) 31... Rc4 $17 32. Nd3 Rc3 33. Kf2 Rfc8 34. Nc5 Rxe3 (34... Rc2+ {with more complications.} 35. Kg1 h3 36. g3 Rg2+ 37. Kh1 Bc6) 35. Qxe3 Qxe3+ 36. Kxe3 Bc6 37. Ng5 Rf8 38. g4 Ne7 39. Rf6 b4 40. Kd2 Nc8 41. Nd3 b3 42. Kc3 b6 43. a6 (43. Kxb3 bxa5 44. Nf3 a4+ 45. Ka2 Bb5 $15) 43... Bb5 44. Nf4 {Rh6 is the strong threat.} Bxa6 45. Rh6 Ne7 {Black wants to play ...Rc8+.} 46. Kxb3 (46. Rh7 $5 {[%cal Rf4h5]} f6 47. exf6 (47. Rxe7 fxg5 48. Nxe6 {[%mdl 64] Double Attack} Rf3+ 49. Kb2 Rf2+ 50. Kxb3 Bc4+ 51. Kc3 Rxh2 $11) 47... Rxf6 48. Nh5 $14 (48. Rxe7 Rxf4 49. Re8+ Rf8 $11)) 46... Bc4+ (46... Rc8 $11) 47. Kc3 $16 {[%mdl 1024] And now Nh5 would win. White has strong compensation.} Ra8 48. Rh7 ({White should try} 48. Rf6 $1 $14 Rf8 49. Rh6) 48... Ra3+ $1 $11 49. Kb2 Ra2+ $1 50. Kb1 Rf2 ({Much worse is} 50... Rxh2 $6 51. Rxf7 Rf2 52. Rf6 $16) 51. Rxf7 {Strongly threatening Rf6.} Ng6 $2 (51... Nc6 $11 {and Black has nothing to worry.} 52. Rc7 Nxd4 53. Rc8+ Kg7 54. Ngxe6+ Nxe6 55. Nxe6+ Kg6) 52. Nxg6 $18 {Threatening mate with Ne7+.} Bd3+ 53. Kc1 Rxf7 $2 (53... Rc2+ 54. Kd1 Bxg6) 54. Nxf7 {White is clearly winning.} Bxg6 {[%mdl 4096] Endgame KB-KN} 55. Ng5 Be4 56. Nxe6 Bf3 57. g5 Kf7 58. Nf4 Be4 59. Kb2 Bf3 60. Kc3 Ke7 {Accuracy: White = 56%, Black = 47%.} 1-0

[Event "23rd Hoogeveen Open 2019"]
[Site "Hoogeveen"]
[Date "2019.10.23"]
[Round "6.13"]
[White "Barthel, Ansgar"]
[Black "Seul, Georg"]
[Result "0-1"]
[WhiteElo "2037"]
[BlackElo "2411"]
[Annotator "ChessBase"]
[PlyCount "56"]
[EventDate "2019.10.19"]
[EventType "swiss"]
[EventCountry "NED"]
[SourceTitle "playchess.com"]
[Source "ChessBase"]
[SourceQuality "1"]
[TimeControl "40/5400+30:1800+30"]

1. e4 {[%emt 0:00:00]} d6 {[%emt 0:00:00]} 2. d4 {[%emt 0:00:00]} g6 {[%emt 0:00:00]} 3. Nc3 {[%emt 0:00:00]} Bg7 {[%emt 0:00:00]} 4. Be3 {[%emt 0:00:18]} a6 {[%emt 0:00:00]} 5. Qd2 {[%emt 0:00:51]} b5 {[%emt 0:00:10]} 6. O-O-O {[%emt 0:00:44]} Bb7 {[%emt 0:01:43]} 7. f3 {[%emt 0:00:06]} Nd7 {[%emt 0:00:26]} 8. Kb1 {[%emt 0:01:35]} Ngf6 {[%emt 0:04:19]} 9. g4 {[%emt 0:11:13]} Nb6 {[%emt 0:01:42]} 10. Bd3 {[%emt 0:00:43]} h5 {[%emt 0:04:35]} 11. g5 {[%emt 0:03:11]} Nfd7 {[%emt 0:00:08]} 12. h4 {[%emt 0:08:40]} c5 {[%emt 0:05:57]} 13. dxc5 {[%emt 0:00:10]} dxc5 {[%emt 0:25:26]} 14. Nd5 {[%emt 0:14:32]} Bxd5 {[%emt 0:00:52]} 15. exd5 {[%emt 0:01:35]} c4 {[%emt 0:09:15]} 16. Be4 {[%emt 0:02:33]} c3 {[%emt 0:00:19]} 17. Qf2 {[%emt 0:05:21]} cxb2 {[%emt 0:09:57]} 18. Bd4 {[%emt 0:03:07]} Bxd4 {[%emt 0:00:39]} 19. Qxd4 {[%emt 0:00:05]} O-O {[%emt 0:00:09]} 20. Ne2 {[%emt 0:01:26]} Rc8 {[%emt 0:01:07]} 21. Bd3 {[%emt 0:14:06]} Nc5 {[%emt 0:03:05]} 22. Nc3 {[%emt 0:04:52]} Nca4 {[%emt 0:04:00]} 23. Nxa4 {[%emt 0:00:13]} Nxa4 {[%emt 0:00:04]} 24. Rde1 {[%emt 0:00:22]} Qd6 {[%emt 0:10:03]} 25. Re3 {[%emt 0:05:34]} e5 {[%emt 0:03:56]} 26. Qxe5 {[%emt 0:03:30]} Nc3+ {[%emt 0:00:13]} 27. Kxb2 {[%emt 0:00:17]} Qb4+ {[%emt 0:00:05]} 28. Ka1 {[%emt 0:03:21]} Qa3 {[%emt 0:00:16]} 0-1

[Event "23rd Hoogeveen Open 2019"]
[Site "Hoogeveen"]
[Date "2019.10.23"]
[Round "6.14"]
[White "Vestby-Ellingsen, Mads"]
[Black "Dev, Shah"]
[Result "0-1"]
[WhiteElo "2363"]
[BlackElo "2025"]
[Annotator "ChessBase"]
[PlyCount "72"]
[EventDate "2019.10.19"]
[EventType "swiss"]
[EventCountry "NED"]
[SourceTitle "playchess.com"]
[Source "ChessBase"]
[SourceQuality "1"]
[TimeControl "40/5400+30:1800+30"]

1. d4 {[%emt 0:00:00]} d5 {[%emt 0:00:22]} 2. c4 {[%emt 0:00:00]} c6 {[%emt 0:00:07]} 3. Nf3 {[%emt 0:00:00]} Nf6 {[%emt 0:00:02]} 4. g3 {[%emt 0:00:29]} Bf5 {[%emt 0:02:16]} 5. Nc3 {[%emt 0:00:17]} e6 {[%emt 0:03:42]} 6. Nh4 {[%emt 0:00:17]} Bg4 {[%emt 0:02:57]} 7. h3 {[%emt 0:00:14]} Bh5 {[%emt 0:00:06]} 8. g4 {[%emt 0:00:11]} Bg6 {[%emt 0:08:28]} 9. Nxg6 {[%emt 0:00:15]} hxg6 {[%emt 0:01:51]} 10. g5 {[%emt 0:00:14]} Nh5 {[%emt 0:04:51]} 11. Qb3 {[%emt 0:17:06]} Qb6 {[%emt 0:05:44]} 12. e3 {[%emt 0:00:27]} Nd7 {[%emt 0:03:29]} 13. Bd2 {[%emt 0:05:15]} Be7 {[%emt 0:12:37]} 14. h4 {[%emt 0:01:42]} O-O-O {[%emt 0:01:37]} 15. O-O-O {[%emt 0:04:05]} Kb8 {[%emt 0:01:29]} 16. Kb1 {[%emt 0:03:03]} Rc8 {[%emt 0:07:10]} 17. Be2 {[%emt 0:03:47]} Rhd8 {[%emt 0:03:18]} 18. Qc2 {[%emt 0:07:22]} dxc4 {[%emt 0:10:05]} 19. Bxc4 {[%emt 0:01:18]} Qc7 {[%emt 0:00:40]} 20. Be2 {[%emt 0:07:36]} Nb6 {[%emt 0:03:28]} 21. Bc1 {[%emt 0:13:33]} Rd7 {[%emt 0:09:24]} 22. a3 {[%emt 0:10:26]} Rcd8 {[%emt 0:02:46]} 23. Bxh5 {[%emt 0:04:03]} gxh5 {[%emt 0:00:05]} 24. Qh7 {[%emt 0:00:14]} Nc4 {[%emt 0:05:29]} 25. Qxg7 {[%emt 0:17:36]} Qa5 {[%emt 0:00:21]} 26. Na2 {[%emt 0:00:08]} Qf5+ {[%emt 0:04:33]} 27. Ka1 {[%emt 0:00:08]} Qc2 {[%emt 0:00:42]} 28. d5 {[%emt 0:03:09]} f6 {[%emt 0:00:29]} 29. Qh6 {[%emt 0:01:00]} Bxa3 {[%emt 0:00:47]} 30. bxa3 {[%emt 0:00:32]} Na5 {[%emt 0:00:08]} 31. Rd3 {[%emt 0:00:29]} Qxd3 {[%emt 0:00:16]} 32. Nb4 {[%emt 0:00:31]} Qe4 {[%emt 0:00:40]} 33. Rd1 {[%emt 0:00:14]} c5 {[%emt 0:00:28]} 34. gxf6 {[%emt 0:00:47]} cxb4 {[%emt 0:00:21]} 35. f7 {[%emt 0:00:26]} Qc2 {[%emt 0:01:28]} 36. Qg6 {[%emt 0:00:10]} Nb3# {[%emt 0:00:07]} 0-1